000
00192nam a2200109Ia 4500
100
_a
#N/A
942
_c
BK
245
_a
JAVA/ J2EE Disc 2
260
_b
#N/A
546
_a
ENGLISH
999
_c
27614
_d
27614